Sociedad de San Vicente de Paúl (Record no. 160461)

MARC details
000 -LEADER
campo de control de longitud fija 00727nam a2200157 i 4500
001 - NÚMERO DE CONTROL
campo de control 160461
003 - IDENTIFICADOR DE NÚMERO DE CONTROL
campo de control ES-MaACL
005 - FECHA Y HORA DE LA ÚLTIMA TRANSACCIÓN
campo de control 20230906212037.0
008 - DATOS DE LONGITUD FIJA--INFORMACIÓN GENERAL
campo de control de longitud fija 040928s1877 cu |||| | spa d
100 1# - ENTRADA PRINCIPAL--NOMBRE DE PERSONA
Nombre de persona Múzquiz, Joaquín María.
9 (RLIN) 130310
245 10 - MENCIÓN DEL TÍTULO
Título Sociedad de San Vicente de Paúl
Resto del título : discurso pronunciado por Joaquín María Muzquiz, presidente del Consejo particular de la Habana, en la junta general del Buen Pastor, celebrada el dia 15 de abril de 1877.
260 ## - PUBLICACIÓN, DISTRIBUCIÓN, ETC.
Lugar de publicación, distribución, etc. Habana :
Nombre del editor, distribuidor, etc. Imp. y librería "El Iris",
Fecha de publicación, distribución, etc. 1877.
300 ## - DESCRIPCIÓN FÍSICA
Extensión 8 p. ;
Dimensiones 22 cm.
710 2# - ENTRADA AGREGADA--NOMBRE DE ENTIDAD CORPORATIVA
Nombre de entidad corporativa o nombre de jurisdicción como elemento de entrada Sociedad de San Vicente de Paúl (La Habana)
9 (RLIN) 134913
852 ## - LOCALIZACIÓN
Ubicación ES-MaACL
Número de control de estantería T-332-F-11
Nota libre - Enc. hol.
condición física - Falto de cub. original
Nota libre - Enc. en un vol. facticio
Holdings
Estatus retirado Estado de pérdida Estado de daño No para préstamo Colección Biblioteca de origen Biblioteca actual Ubicación en estantería Fecha de adquisición Total de préstamos Signatura topográfica completa Código de barras Visto por última vez Precio de reemplazo Tipo de ítem Koha
        Colección de folletos Biblioteca del Ateneo de Madrid Biblioteca del Ateneo de Madrid Depósito folletos 17/01/2008   T-332-F-11 1168016 23/02/2023 23/02/2023 Folleto